000
00349nam a2200157Ia 4500
003
OSt
008
191201s2005 xx 000 0 und d
082
_a
658.4
_b
ICC
100
_a
ICFAI
245
0
_a
Case Studies in Organizational Culture
250
_a
1st
260
_a
New Delhi
_b
ICFAI
_c
2005
300
_a
356
650
_a
MBA
942
_2
ddc
_c
BK
999
_c
3332
_d
3332